000 00321nam a2200133 i 4500
001 bg
100 1 _aPĘCIAK, J.
245 0 _aZbiór zadań z podstaw elektrotechniki.
_nCz.3 /
_cJ. Pęciak.
260 _aKatowice,
_c1969.
040 _cBPK
041 _apol
942 _cKS
008 s pl f |000 0 pol
999 _c10519
_d10519
856 _uhttp://koha.tu.koszalin.pl/cgi-bin/koha/opac-detail.pl?biblionumber=10519
_yKatalog online BPK